000 00822nam a2200289Ia 4500
003 OSt
005 20220912144844.0
006 a|||||r|||| 00| 0
007 ta
008 220909b |||||||| |||| 00| 0 eng d
020 _a8190140116 (pbk)
024 _a78428
037 _cTextual
040 _aCSL
_beng
_cCSL
041 _aeng
082 _aH1:17.2, P1
100 _aSubbarao K V Ed.
245 0 _aSome aspects of mineral development in India
260 _aBangalore
_bGeological Society of India
_c2001
300 _a193p.
_ccm.
500 _aIncludes bibliographical references.
650 _a Mineral resources
650 _aGeology
700 _a Reddy D Rajasekhar Ed.
942 _hH1:17.2, P1
_cTEXL
_2CC
999 _c17395
_d17395